| 000 | 00421pab a2200157 454500 | ||
|---|---|---|---|
| 008 | 180718b2001 xxu||||| |||| 00| 0 eng d | ||
| 100 | _aPatel, Meena | ||
| 245 | _aThe Uruguay Round Agreement on agriculture and poverty in developing countries in Asia | ||
| 260 | _c2001 | ||
| 300 | _ap.1-23 | ||
| 362 | _aJul | ||
| 650 | _aPoverty | ||
| 650 | _aAgriculture | ||
| 773 | _aIndian Journal of Economics | ||
| 909 | _a51583 | ||
| 999 |
_c51583 _d51583 |
||